| 000 | 00965nam a2200253 a 4500 | ||
|---|---|---|---|
| 001 | 000017242 | ||
| 003 | AM-YEHGA | ||
| 005 | 20250618070746.0 | ||
| 008 | 990113s1989 ai |||||||||||||||||arm d | ||
| 020 | _a554000079X | ||
| 040 | _aAM-YeHGA | ||
| 041 | 1 |
_aarm _hrus |
|
| 100 | 1 | _aԲորոդին, Ս. | |
| 245 | 1 | 0 |
_aԱստղեր Սամարղանդի վրա : _bԵռագրություն / _cՍ. Բորոդին ; Թարգմ.՝ Մ. Քոչարյան ; Կ. Ղալաչյան. |
| 260 |
_aԵրևան : _bՀայաստան, _c1989. |
||
| 300 |
_a796 էջ ; _c21 սմ. |
||
| 500 | _aՄի կազմի մեջ | ||
| 505 | 1 | 0 |
_gԳիրք 1-2 (1989, 796 էջ) : _tԼենկթեմուր : Արշավանքի խարույկներ |
| 650 | 1 | 4 |
_aՌուս գրականություն _xՎեպ _94829 |
| 700 | 1 |
_aՔոչարյան, Մելիք Թադևոսի, _d1911-1992 _eթարգմ. _4trl _91302 |
|
| 700 | 1 |
_aՂալաչյան, Կ. Շ. _eթարգմ. _4trl |
|
| 942 | _cBK | ||
| 090 | _c5158 | ||
| 999 |
_c5119 _d5119 |
||